Lataa...

Evidence-based school counseling : making a difference with data-driven practices /

Bibliografiset tiedot
Päätekijä: Dimmitt, Carey
Muut tekijät: Carey, John C., Hatch, Trish
Aineistotyyppi: Printed Book
Julkaistu: Thousand Oaks, CA : Corwin Press, c2007.
Aiheet:
Linkit:http://catdir.loc.gov/catdir/toc/ecip076/2006101268.html
LEADER 01335cam a2200205 a 4500
020 |a 9781412948906 (pbk.) 
082 |a 371.4   |b P7 
100 1 |a Dimmitt, Carey.  |9 104 
245 1 0 |a Evidence-based school counseling :  |b making a difference with data-driven practices /  |c Carey Dimmitt, John C. Carey, Trish Hatch. 
260 |a Thousand Oaks, CA :  |b Corwin Press,  |c c2007. 
300 |a xiii, 225 p. :  |b ill. ; 
504 |a Includes bibliographical references (p. 207-218) and index. 
505 0 |a Moving to evidence-based school couseling practice -- Data-based decision making:knowing what needs to be addressed -- Practical considerations in using data -- Choosing interventions:reading and weighing outcome research -- Evaluating school counseling interventions and programs -- Action research and collaboration partnerships -- Measuring student learning and behavior change -- Using surveys to gather information -- Moving to evidence-based school counseling practice. 
650 0 |a Educational counseling.  |9 105 
700 1 |a Carey, John C.  |9 106 
700 1 |a Hatch, Trish.  |9 107 
856 4 1 |u http://catdir.loc.gov/catdir/toc/ecip076/2006101268.html 
942 |c BK 
999 |c 50744  |d 50744 
952 |0 0  |1 0  |4 0  |6 371_400000000000000_P71  |7 0  |9 51476  |a MGUL  |b MGUL  |d 2013-07-16  |e RS1,917.00  |l 2  |m 1  |o 371.4 P71  |p 48663  |r 2013-11-23  |s 2013-11-08  |w 2013-07-16  |y BK